| 000 | 00461nam a2200145Ia 4500 | ||
|---|---|---|---|
| 008 | 151015s9999 xx 000 0 und d | ||
| 020 | _a9.7808500389e+012 | ||
| 050 | _aSD 543 .W55 2010 | ||
| 245 | _aBrown David | ||
| 250 | _a_Legal Timber Verification and Governance in the Forest Sector David Brown | ||
| 300 | _aLondon Overseas Development Institute 2010 | ||
| 500 | _aIncludes Index | ||
| 650 | _a_Legal Timber | ||
| 700 | _a^d20120112 12:54:29^okorir | ||
| 999 |
_c3067 _d3067 |
||